000 01221cam a2200265 4500
001 ABS63775
008 000000n2001 000 0 eng u
035 _a(Sirsi) u111557
100 _aSydenham, A.
245 _aCountryside and Rights of Way Act 2000
260 _c2001
490 _aSolicitors' Journal
_v16 March 2001, 232-234(3)
520 _aLooks at the five parts of the Countryside and Rights of Way Act 2000, which received Royal Assent on 30 November 2000: Access to the countryside; Public rights of way and road traffic; Nature conservation and wildlife protection; Areas of outstanding natural beauty; Miscellaneous and supplementary. Provides details of dates when particular sections came into force. The DETR states that the aim of the act is to extend the public's ability to enjoy the countryside, while providing safeguards for landowners and occupiers.
590 _aABS
650 _aCOUNTRYSIDE AND RIGHTS OF WAY ACT 2000
650 _aPUBLIC RIGHTS OF WAY
650 _aNATURE CONSERVATION
650 _aLANDOWNERS
650 _aWILDLIFE CONSERVATION
650 _aACCESS RIGHTS
650 _aOPEN LAND
650 _aVEHICULAR ACCESS
690 _aRURAL
_96268
942 _n0
999 _c66478
_d66478